000 00432nam a2200169Ia 4500
003 GCL
008 140319s9999 xx 000 0 eng d
040 _aGCL /
_cGCL
082 0 4 _a895.6
_bP I
100 1 _aPLUTSCHOW, HERBERT E
245 1 0 _aINTRODUCING KYOTO /
_cPLUTSCHOW, HERBERT E
700 1 _aKEENE, DONALD
260 _a[S.N] :
_bKODANSHA INTERNATIONAL ،
_c1990
650 0 4 _aJAPAN
650 0 4 _aKYOTO
942 _2ddc
_cBK
999 _c22083
_d22083